[Event "Stader SV-SK Doppelbauer Kiel"]
[Site "Greifswald"]
[Date "2013.09.14"]
[Round "5.1"]
[White "Beeck, Mats"]
[Black "Vöge, Tobias"]
[Result "1-0"]
[WhiteElo "1839"]
[BlackElo "2043"]
[PlyCount "99"]
[EventDate "2013.??.??"]
[WhiteTeam "SK Doppelbauer Kiel"]
[BlackTeam "Stader SV"]

1. d4 d5 2. c4 Nc6 3. Nc3 e5 4. cxd5 Nxd4 5. e3 Nf5 6. Nf3 Bd6 7. e4 Nfe7 8. a3
Nf6 9. Be2 O-O 10. O-O Nd7 11. b4 f5 12. Nd2 f4 13. Bg4 Kh8 14. Bb2 h6 15. Rc1
a6 16. b5 f3 17. Bxf3 Nf6 18. g3 g5 19. Bg2 Ng6 20. Nc4 Bg4 21. Qd2 Qd7 22.
bxa6 Rxa6 23. Ne2 Bh3 24. Qc2 Bxg2 25. Kxg2 Nh4+ 26. gxh4 Qg4+ 27. Ng3 gxh4 28.
f3 Qg5 29. Qd2 Qxd2+ 30. Nxd2 hxg3 31. hxg3 Bxa3 32. Bxa3 Rxa3 33. Rxc7 Ra2 34.
Rf2 b5 35. Rb7 Rb2 36. f4 exf4 37. gxf4 Ng4 38. Re2 h5 39. d6 Nf6 40. Kf3 Ng4
41. d7 Ne5+ 42. Ke3 Nc6 43. Rh2 Ra2 44. Rxh5+ Kg8 45. Rg5+ Kh8 46. Rgxb5 Nd8
47. Rb8 Ra7 48. Rd5 Ra3+ 49. Rd3 Ra4 50. Nf3 1-0

[Event "Stader SV-SK Doppelbauer Kiel"]
[Site "Greifswald"]
[Date "2013.09.14"]
[Round "5.2"]
[White "Hammann, Jonas"]
[Black "Pluska, Alexander"]
[Result "0-1"]
[WhiteElo "1859"]
[BlackElo "1867"]
[PlyCount "108"]
[EventDate "2013.??.??"]
[WhiteTeam "Stader SV"]
[BlackTeam "SK Doppelbauer Kiel"]

1. Nc3 d5 2. e4 dxe4 3. Nxe4 Nd7 4. Nf3 Ngf6 5. Ng3 e6 6. Bc4 c5 7. d3 Bd6 8.
O-O b6 9. Ng5 Ne5 10. Bb5+ Bd7 11. Bxd7+ Qxd7 12. N3e4 Nxe4 13. Nxe4 Bc7 14. f4
Ng6 15. Qe2 O-O 16. Kh1 Rfe8 17. Qh5 Rad8 18. Be3 Qd5 19. f5 exf5 20. Rxf5 Re5
21. Raf1 Rde8 22. Qg4 Rxf5 23. Qxf5 Qxf5 24. Rxf5 Nh4 25. Rh5 Bd8 26. Rd5 f5
27. Nc3 Rxe3 28. Rxd8+ Kf7 29. Kg1 Re1+ 30. Kf2 Rc1 31. Kg3 g5 32. Rd7+ Kg6 33.
Nd5 Rxc2 34. Nf4+ gxf4+ 35. Kxh4 Rxg2 36. Kh3 Rxb2 37. Rxa7 f3 38. Ra8 Kg5 39.
Ra4 f2 40. Kg2 f4 41. d4 b5 42. Ra7 f3+ 43. Kf1 cxd4 44. Rd7 Kf4 45. Rf7+ Ke3
46. Re7+ Kd3 47. Re5 b4 48. Ra5 Ke4 49. Ra7 d3 50. Re7+ Kf5 51. Rf7+ Kg6 52.
Rxf3 d2 53. Rd3 Rb1+ 54. Ke2 f1=Q+ 0-1

[Event "Stader SV-SK Doppelbauer Kiel"]
[Site "Greifswald"]
[Date "2013.09.14"]
[Round "5.3"]
[White "Wanner, Lukas"]
[Black "Dittmann, Tobias"]
[Result "0-1"]
[WhiteElo "1817"]
[BlackElo "1605"]
[PlyCount "82"]
[EventDate "2013.??.??"]
[WhiteTeam "SK Doppelbauer Kiel"]
[BlackTeam "Stader SV"]

1. d4 d5 2. Nf3 Nf6 3. e3 Bf5 4. c4 c6 5. Nc3 e6 6. Qb3 Qb6 7. Qxb6 axb6 8. Nh4
Bg6 9. Nxg6 hxg6 10. Bd3 Bd6 11. h3 Nbd7 12. O-O O-O 13. b3 Rfe8 14. f4 Bc7 15.
Bb2 Nf8 16. Rac1 Bd6 17. Na4 dxc4 18. Bc2 b5 19. Nc5 Bxc5 20. dxc5 cxb3 21.
Bxb3 Nd5 22. e4 Nf6 23. Bxf6 gxf6 24. f5 Kg7 25. Rc3 Rad8 26. Rcf3 exf5 27.
exf5 g5 28. h4 Nh7 29. h5 Rh8 30. g4 Nf8 31. Re1 Nd7 32. Re7 Ne5 33. Rxe5 fxe5
34. f6+ Kf8 35. Rf5 Rd4 36. Rxe5 Rxg4+ 37. Kf2 Rf4+ 38. Ke3 Rxh5 39. Re7 Rxf6
40. Rxb7 g4 41. Rb6 g3 0-1

[Event "Stader SV-SK Doppelbauer Kiel"]
[Site "Greifswald"]
[Date "2013.09.14"]
[Round "5.4"]
[White "Günther, Alexander"]
[Black "Petersen, Finn Christopher"]
[Result "0-1"]
[WhiteElo "1488"]
[BlackElo "1573"]
[PlyCount "124"]
[EventDate "2013.??.??"]
[WhiteTeam "Stader SV"]
[BlackTeam "SK Doppelbauer Kiel"]

1. d4 Nf6 2. Nf3 g6 3. e3 Bg7 4. Bd3 d6 5. b3 O-O 6. O-O Nc6 7. Bb2 Nd7 8. Nbd2
e5 9. c3 f5 10. e4 f4 11. Qe2 g5 12. d5 Ncb8 13. b4 g4 14. Ne1 Qh4 15. g3 Qh3
16. f3 fxg3 17. fxg4 gxh2+ 18. Qxh2 Qxh2+ 19. Kxh2 Bh6 20. Rxf8+ Nxf8 21. Bc1
Bxg4 22. Ndf3 Bxc1 23. Rxc1 Ng6 24. Kg3 Bh5 25. Bb5 a6 26. Ba4 Nf4 27. Rc2 b5
28. Bb3 Ra7 29. Ng2 Ng6 30. Ngh4 Nd7 31. Nxg6 hxg6 32. Rf2 Bxf3 33. Rxf3 Kg7
34. a4 Nf6 35. Re3 g5 36. a5 Ra8 37. Bd1 Kg6 38. Bg4 Nxg4 39. Kxg4 Rf8 40. Rh3
Rf4+ 41. Kg3 Rxe4 42. Rh8 Rc4 43. Ra8 Rxc3+ 44. Kf2 Rb3 45. Rxa6 Rxb4 46. Ra8
Ra4 47. a6 Kf7 48. Ra7 Ke8 49. Rxc7 Rxa6 50. Rg7 b4 51. Rxg5 Kd8 52. Ke3 b3 53.
Rg4 Rb6 54. Rg1 b2 55. Rb1 Rb5 56. Ke2 Kc7 57. Ke3 Kb6 58. Ke4 Kc5 59. Kd3 Kxd5
60. Kc2 Kc4 61. Rxb2 Rxb2+ 62. Kxb2 Kd3 0-1

[Event "Hamburger SK-USV Potsdam"]
[Site "Greifswald"]
[Date "2013.09.14"]
[Round "5.1"]
[White "Eichstädt, Mirko"]
[Black "Kramer, Julian"]
[Result "1/2-1/2"]
[WhiteElo "1954"]
[BlackElo "2137"]
[PlyCount "81"]
[EventDate "2013.??.??"]
[WhiteTeam "USV Potsdam"]
[BlackTeam "Hamburger SK"]

1. d4 d5 2. c4 c6 3. Nf3 Nf6 4. Nc3 e6 5. e3 Nbd7 6. Qc2 Bd6 7. b3 O-O 8. Bb2
e5 9. cxd5 cxd5 10. dxe5 Nxe5 11. Nxe5 Bxe5 12. Be2 Qc7 13. Rc1 a6 14. Bf3 d4
15. exd4 Bf4 16. Ne2 Qe7 17. Qc5 Bd6 18. Qg5 h6 19. Qe3 Qxe3 20. fxe3 Re8 21.
Kd2 Ne4+ 22. Bxe4 Rxe4 23. Nc3 Bb4 24. a3 Bxc3+ 25. Rxc3 Rg4 26. g3 Be6 27. Rf1
Rd8 28. b4 Rd7 29. Kd3 Bd5 30. Rf4 Rxf4 31. gxf4 f5 32. a4 Be4+ 33. Kd2 Kh7 34.
b5 axb5 35. axb5 g5 36. fxg5 hxg5 37. Ba3 Kg6 38. Rc5 Kh5 39. Re5 Kg4 40. Kc3
Kf3 41. d5 1/2-1/2

[Event "Hamburger SK-USV Potsdam"]
[Site "Greifswald"]
[Date "2013.09.14"]
[Round "5.2"]
[White "Hinrichs, Lars"]
[Black "Cech, Tim"]
[Result "1/2-1/2"]
[WhiteElo "2068"]
[BlackElo "1803"]
[PlyCount "71"]
[EventDate "2013.??.??"]
[WhiteTeam "Hamburger SK"]
[BlackTeam "USV Potsdam"]

1. e4 e6 2. d4 d5 3. Nc3 Nf6 4. Bg5 Be7 5. e5 Nfd7 6. h4 O-O 7. Qg4 f5 8. Qg3
Bxg5 9. hxg5 g6 10. Nh3 c5 11. Nf4 Re8 12. Nb5 Nf8 13. dxc5 Nc6 14. Be2 Re7 15.
c3 b6 16. Nd3 Ba6 17. a4 Nd7 18. Qe3 bxc5 19. Nxc5 Nxc5 20. Qxc5 Nxe5 21. f4
Nd7 22. Qd6 Bxb5 23. axb5 Nb6 24. Qe5 Qc7 25. Qxc7 Rxc7 26. O-O Re8 27. Bd3 e5
28. fxe5 Rxe5 29. Rfe1 Ree7 30. Kf2 Kf7 31. Rxe7+ Rxe7 32. b3 Rc7 33. c4 Ke6
34. c5 Rxc5 35. Rxa7 Nd7 36. b6 1/2-1/2

[Event "Hamburger SK-USV Potsdam"]
[Site "Greifswald"]
[Date "2013.09.14"]
[Round "5.3"]
[White "Werthmann, Nils"]
[Black "Rogozenco, Teodora"]
[Result "0-1"]
[WhiteElo "1833"]
[BlackElo "1921"]
[PlyCount "68"]
[EventDate "2013.??.??"]
[WhiteTeam "USV Potsdam"]
[BlackTeam "Hamburger SK"]

1. e4 c5 2. Nc3 Nc6 3. g3 g6 4. Bg2 Bg7 5. d3 Nf6 6. Be3 d6 7. h3 Bd7 8. Qd2
Nd4 9. Nge2 Nxe2 10. Qxe2 Bc6 11. O-O O-O 12. f4 Rc8 13. Nd5 Nh5 14. Qf2 Bxb2
15. Rab1 Bh8 16. g4 Nf6 17. Nxf6+ exf6 18. f5 g5 19. Bf3 h6 20. Kg2 Bg7 21. Rh1
Re8 22. c4 a6 23. a4 b6 24. Rb2 Bxa4 25. Ra1 b5 26. Qd2 Qd7 27. Qa5 Rb8 28. Bd2
Bf8 29. Rba2 Be7 30. Bc1 Bb3 31. Rb2 bxc4 32. Rab1 Rb4 33. dxc4 Reb8 34. Ra1
Bxc4 0-1

[Event "Hamburger SK-USV Potsdam"]
[Site "Greifswald"]
[Date "2013.09.14"]
[Round "5.4"]
[White "Elbracht, Michael"]
[Black "Ender, Paul Marius"]
[Result "1-0"]
[WhiteElo "1772"]
[BlackElo "1519"]
[PlyCount "87"]
[EventDate "2013.??.??"]
[WhiteTeam "Hamburger SK"]
[BlackTeam "USV Potsdam"]

1. e4 e5 2. Nf3 d6 3. d4 exd4 4. Nxd4 Nf6 5. Nc3 Be7 6. Bd3 O-O 7. O-O Nbd7 8.
Nf5 Ne5 9. Nxe7+ Qxe7 10. Bg5 Nxd3 11. Qxd3 Qe5 12. Qg3 Nd7 13. Qxe5 dxe5 14.
Nb5 c6 15. Nd6 f6 16. Be3 b6 17. Rfd1 Rd8 18. Rd2 Nf8 19. Rad1 Ne6 20. Nf5 Bb7
21. f3 Rxd2 22. Rxd2 Rd8 23. Rxd8+ Nxd8 24. Kf2 Nf7 25. a4 c5 26. a5 Kf8 27.
axb6 axb6 28. b4 g6 29. Ng3 cxb4 30. Bxb6 Ke8 31. Bc5 Ba6 32. Bxb4 Nd8 33. Nf1
Ne6 34. Ne3 Nf4 35. g3 Ne6 36. Nd5 Kf7 37. Be7 f5 38. exf5 gxf5 39. Bd6 e4 40.
fxe4 fxe4 41. Ke3 Bb7 42. Nc3 Ng5 43. h4 Ke6 44. Bf4 1-0

[Event "Königsspr. Hamburg-SK Wildeshausen"]
[Site "Greifswald"]
[Date "2013.09.14"]
[Round "5.1"]
[White "Grigorian, Spartak"]
[Black "Spät, Alexander"]
[Result "1-0"]
[WhiteElo "2155"]
[BlackElo "2019"]
[PlyCount "83"]
[EventDate "2013.??.??"]
[WhiteTeam "SK Wildeshausen"]
[BlackTeam "Königsspr. Hamburg"]

1. d4 d5 2. c4 c6 3. Nf3 Nf6 4. Nc3 dxc4 5. a4 Bf5 6. Nh4 e6 7. Nxf5 exf5 8. e3
Bb4 9. Bxc4 O-O 10. O-O Nbd7 11. Qc2 g6 12. Na2 Bd6 13. f3 Qc7 14. g3 c5 15.
Nc3 a6 16. d5 Rfe8 17. e4 f4 18. gxf4 Bxf4 19. Kh1 Nh5 20. Ra3 Ne5 21. Ne2 Bxc1
22. Qxc1 Qe7 23. Re3 Kh8 24. Ba2 Ng7 25. Bb1 c4 26. f4 Ng4 27. Nd4 f5 28. Rg3
Nh5 29. Rg2 Qc5 30. Qc3 Kg8 31. b4 Qd6 32. Qf3 Qxb4 33. h3 c3 34. Nxf5 gxf5 35.
hxg4 fxe4 36. gxh5+ Kh8 37. Qg4 Rg8 38. Qe6 Rxg2 39. Kxg2 Qb2+ 40. Rf2 Qxb1 41.
Qf6+ Kg8 42. h6 1-0

[Event "Königsspr. Hamburg-SK Wildeshausen"]
[Site "Greifswald"]
[Date "2013.09.14"]
[Round "5.2"]
[White "Pfreundt, Jakob"]
[Black "Finke, Maurice"]
[Result "1-0"]
[WhiteElo "1903"]
[BlackElo "1912"]
[PlyCount "29"]
[EventDate "2013.??.??"]
[WhiteTeam "Königsspr. Hamburg"]
[BlackTeam "SK Wildeshausen"]

1. d4 d6 2. e4 Nf6 3. Nc3 e5 4. Nf3 Bg4 5. dxe5 Bxf3 6. Qxf3 dxe5 7. Bg5 Be7 8.
Bxf6 Bxf6 9. Rd1 Nd7 10. Be2 c6 11. O-O O-O 12. Qh3 Qb6 13. Rxd7 Qxb2 14. Rb1
Qxc2 15. Bd1 1-0

[Event "Königsspr. Hamburg-SK Wildeshausen"]
[Site "Greifswald"]
[Date "2013.09.14"]
[Round "5.3"]
[White "Ngo, Minh Duc"]
[Black "Lemke, Berfin"]
[Result "1-0"]
[WhiteElo "1924"]
[BlackElo "1695"]
[PlyCount "165"]
[EventDate "2013.??.??"]
[WhiteTeam "SK Wildeshausen"]
[BlackTeam "Königsspr. Hamburg"]

1. e4 c5 2. Nf3 d6 3. Nc3 a6 4. d4 cxd4 5. Nxd4 Nf6 6. Be2 e5 7. Nb3 Be7 8. Be3
Be6 9. O-O O-O 10. f4 exf4 11. Bxf4 Nbd7 12. Kh1 Ne5 13. Nd4 Qd7 14. Nxe6 Qxe6
15. Bg5 Rac8 16. Bxf6 Bxf6 17. Nd5 Be7 18. b3 Rc5 19. c4 Bd8 20. Qd4 Nc6 21.
Qe3 Ne5 22. Rad1 Qg6 23. Rf5 Rc6 24. h3 h6 25. Rdf1 Qe6 26. g3 Bg5 27. Nf4 Qd7
28. Rd1 Qc8 29. h4 g6 30. hxg5 gxf5 31. Nd5 Re8 32. Nf6+ Kg7 33. Nxe8+ Qxe8 34.
gxh6+ Kh8 35. Qg5 Qg8 36. Qf6+ Kh7 37. Qxf5+ Qg6 38. Qxg6+ fxg6 39. Kg2 Kxh6
40. Rh1+ Kg7 41. Rd1 Kf6 42. Rd5 Ke6 43. Rd1 Kf6 44. Kf2 Ke6 45. Rh1 Rc7 46.
Rh8 Rf7+ 47. Ke3 Kd7 48. b4 Kc6 49. a4 a5 50. b5+ Kc5 51. Rc8+ Kb4 52. Rd8 Kc5
53. Rc8+ Kb4 54. b6 Nc6 55. Rc7 Re7 56. Bg4 Kc5 57. Kf4 Kxb6 58. Rxe7 Nxe7 59.
Kg5 Kc5 60. Kf6 Nc6 61. Kxg6 Ne5+ 62. Kf5 Nxg4 63. Kxg4 Kb4 64. Kf5 Kxa4 65. g4
Kb4 66. g5 a4 67. g6 a3 68. g7 a2 69. g8=Q a1=Q 70. Qd5 Qf1+ 71. Kg6 Qxc4 72.
Qxd6+ Kb5 73. e5 Qg4+ 74. Kf6 Qh4+ 75. Ke6 Qh6+ 76. Kd7 Qh7+ 77. Kc8 Qg8+ 78.
Kxb7 Qg2+ 79. Kc7 Qc2+ 80. Kd7 Qh7+ 81. Qe7 Qd3+ 82. Ke8 Qd5 83. Qd7+ 1-0

[Event "Königsspr. Hamburg-SK Wildeshausen"]
[Site "Greifswald"]
[Date "2013.09.14"]
[Round "5.4"]
[White "Samm, Bastian"]
[Black "Schumann, Steffen"]
[Result "1/2-1/2"]
[WhiteElo "1417"]
[BlackElo "1793"]
[PlyCount "100"]
[EventDate "2013.??.??"]
[WhiteTeam "Königsspr. Hamburg"]
[BlackTeam "SK Wildeshausen"]

1. e4 c5 2. Nf3 g6 3. d4 cxd4 4. Nxd4 Nf6 5. Nc3 d6 6. f4 Bg7 7. e5 dxe5 8.
fxe5 Nd5 9. Bb5+ Kf8 10. Nf3 Be6 11. Bc4 Nc6 12. Bxd5 Bxd5 13. Qxd5 Qxd5 14.
Nxd5 Rd8 15. Ne3 Nxe5 16. Nxe5 Bxe5 17. Ng4 Bg7 18. c3 h5 19. Nf2 h4 20. O-O
Rh5 21. Be3 Re5 22. Rad1 Ra8 23. Rfe1 Ra5 24. a3 Rb5 25. Bc1 e5 26. Rd7 f5 27.
Red1 Rb6 28. R1d6 Rxd6 29. Rxd6 Ke7 30. Rxg6 Bf6 31. Bg5 Bxg5 32. Rxg5 Kf6 33.
Rh5 Rd8 34. Kf1 Rd2 35. Rxh4 Rxb2 36. Rb4 Ra2 37. Ra4 e4 38. Nd1 Ke5 39. Rxa7
f4 40. Ra5+ Kf6 41. Ra4 Kf5 42. Nf2 Ra1+ 43. Ke2 Ra2+ 44. Ke1 Ra1+ 45. Nd1 Ra2
46. Ra5+ Ke6 47. Ra4 Ke5 48. Nf2 Ra1+ 49. Ke2 Ra2+ 50. Ke1 Ra1+ 1/2-1/2

[Event "Schachunion Berlin-SF Schwerin"]
[Site "Greifswald"]
[Date "2013.09.14"]
[Round "5.1"]
[White "Siegert, Gregor"]
[Black "Geldner, Gerrit"]
[Result "1/2-1/2"]
[WhiteElo "1859"]
[BlackElo "1788"]
[PlyCount "126"]
[EventDate "2013.??.??"]
[WhiteTeam "SF Schwerin"]
[BlackTeam "Schachunion Berlin"]

1. Nf3 Nf6 2. g3 d5 3. Bg2 c6 4. O-O Bf5 5. d3 Nbd7 6. Nbd2 e5 7. Qe1 Bc5 8. a4
O-O 9. Nb3 e4 10. Nfd4 Bg6 11. Nxc5 Nxc5 12. Qc3 Ncd7 13. b4 Rc8 14. Nb3 Re8
15. d4 Bh5 16. Re1 Nb6 17. Nc5 Qe7 18. a5 Nc4 19. Bg5 Nd6 20. Bh3 Rcd8 21. Bf4
Nb5 22. Qd2 Bg4 23. Bg2 Bc8 24. Rec1 Ng4 25. Be3 Nd6 26. Rf1 Nc4 27. Qc3 Ncxe3
28. fxe3 Qg5 29. Rf4 Nf6 30. a6 b6 31. Nb7 Bd7 32. Nxd8 Rxd8 33. Raf1 Qh5 34.
Qd2 Bc8 35. Rh4 Qg5 36. Bh3 Bxa6 37. Ra1 Bc8 38. Bxc8 Rxc8 39. Rxa7 Ng4 40. Ra3
Qf5 41. Qe1 Qg5 42. h3 Nxe3 43. Qf2 Nf5 44. Rf4 Nd6 45. Ra7 Qg6 46. Kg2 Qe6 47.
e3 h6 48. Qe2 Nc4 49. Kh2 Rf8 50. c3 Qd6 51. Kg1 c5 52. Qf2 f6 53. bxc5 bxc5
54. Qe2 Rf7 55. Rxf7 Kxf7 56. Kh2 cxd4 57. cxd4 Qa3 58. Rf1 Qxe3 59. Qxe3 Nxe3
60. Rf2 Ke6 61. g4 f5 62. Kg3 g5 63. Ra2 f4+ 1/2-1/2

[Event "Schachunion Berlin-SF Schwerin"]
[Site "Greifswald"]
[Date "2013.09.14"]
[Round "5.2"]
[White "Torzinski, Nils"]
[Black "Frost, Jakob"]
[Result "1-0"]
[WhiteElo "1803"]
[BlackElo "1372"]
[PlyCount "85"]
[EventDate "2013.??.??"]
[WhiteTeam "Schachunion Berlin"]
[BlackTeam "SF Schwerin"]

1. e4 e5 2. Nf3 Nf6 3. Nc3 Nc6 4. Bc4 Bb4 5. d3 d6 6. h3 h6 7. O-O Bd7 8. a3
Bc5 9. Na4 Bb6 10. Nxb6 axb6 11. Qe2 O-O 12. c3 Re8 13. Qd1 Be6 14. Bxe6 Rxe6
15. Qc2 Ne7 16. Nh2 Ng6 17. f4 exf4 18. Bxf4 Ra5 19. Bd2 Ra8 20. Nf3 Nh5 21.
Nd4 Rf6 22. Rxf6 Nxf6 23. Rf1 Kh7 24. Nf5 Ng8 25. Qd1 Qd7 26. Qf3 Ne5 27. Qg3
f6 28. d4 Nc4 29. Bc1 Re8 30. Qd3 b5 31. e5 Kh8 32. exf6 Nxf6 33. Nxh6 gxh6 34.
Rxf6 Re1+ 35. Kh2 Rxc1 36. Rxh6+ Kg8 37. Qg6+ Qg7 38. Qe8+ Qf8 39. Rh8+ Kxh8
40. Qxf8+ Kh7 41. Qf7+ Kh8 42. Qh5+ Kg7 43. Qg5+ 1-0

[Event "Schachunion Berlin-SF Schwerin"]
[Site "Greifswald"]
[Date "2013.09.14"]
[Round "5.3"]
[White "Wödl, Leon"]
[Black "Lischeid, Kilian"]
[Result "0-1"]
[WhiteElo "1291"]
[BlackElo "1642"]
[PlyCount "67"]
[EventDate "2013.??.??"]
[WhiteTeam "SF Schwerin"]
[BlackTeam "Schachunion Berlin"]

1. e4 c5 2. Nf3 Nc6 3. d4 cxd4 4. Nxd4 g6 5. Nc3 Bg7 6. Be3 Nf6 7. Be2 O-O 8.
O-O d5 9. exd5 Nxd5 10. Nxd5 Qxd5 11. c3 Nxd4 12. Bxd4 Bxd4 13. Qxd4 Qxd4 14.
cxd4 Rd8 15. Rfd1 Bf5 16. Bf3 Rac8 17. Bxb7 Rb8 18. Bf3 Rxb2 19. a3 Rc8 20. g4
Rc3 21. Kg2 Bd7 22. Rab1 Rxb1 23. Rxb1 Rxa3 24. Rb7 Be6 25. d5 Bc8 26. Rxe7 Kf8
27. Rc7 Ba6 28. Rxa7 Bf1+ 29. Kxf1 Rxa7 30. Be4 Ra4 31. f3 Ra2 32. Kg1 Ke7 33.
h4 h6 34. Bb1 0-1

[Event "Schachunion Berlin-SF Schwerin"]
[Site "Greifswald"]
[Date "2013.09.14"]
[Round "5.4"]
[White "Rau, Joshua"]
[Black "Stuppe, Hannes"]
[Result "1-0"]
[WhiteElo "1461"]
[BlackElo "1241"]
[PlyCount "77"]
[EventDate "2013.??.??"]
[WhiteTeam "Schachunion Berlin"]
[BlackTeam "SF Schwerin"]

1. d4 d5 2. c4 e6 3. Nc3 Nf6 4. Bg5 Nbd7 5. Nf3 Be7 6. e3 O-O 7. Bd3 dxc4 8.
Bxc4 h6 9. Bf4 Bb4 10. Qb3 c5 11. dxc5 Nxc5 12. Qxb4 Nd3+ 13. Bxd3 Qxd3 14. Qd4
Qa6 15. Be5 Nh5 16. Rd1 f6 17. Bg3 e5 18. Qd5+ Be6 19. Qd6 Rfd8 20. Qxa6 bxa6
21. O-O g5 22. Nd2 Rab8 23. b3 Rbc8 24. Na4 Rc2 25. Ne4 Rxd1 26. Rxd1 Rxa2 27.
Nec5 Bxb3 28. Nxb3 Rxa4 29. Rd8+ Kg7 30. Rd7+ Kg6 31. Rxa7 Ra2 32. f3 Nxg3 33.
hxg3 Ra3 34. Rb7 a5 35. e4 a4 36. Nc5 Ra1+ 37. Kh2 a3 38. Ra7 Kh5 39. Rg7 1-0

[Event "Treptower SV-Hagener SV"]
[Site "Greifswald"]
[Date "2013.09.14"]
[Round "5.1"]
[White "Pappert, Florian"]
[Black "Pixa, Richard"]
[Result "0-1"]
[WhiteElo "1676"]
[BlackElo "1993"]
[PlyCount "68"]
[EventDate "2013.??.??"]
[WhiteTeam "Hagener SV"]
[BlackTeam "Treptower SV"]

1. e4 e6 2. d4 d5 3. exd5 exd5 4. Bd3 Bd6 5. Ne2 Nf6 6. Nbc3 O-O 7. O-O c6 8.
Bf4 Bg4 9. Qd2 Bh5 10. Bxd6 Qxd6 11. Nf4 Bg6 12. Nxg6 hxg6 13. Ne2 Re8 14. Ng3
Nbd7 15. Rfe1 Nb6 16. c3 a5 17. Rxe8+ Rxe8 18. Re1 Re7 19. Rxe7 Qxe7 20. Qe2
Kf8 21. Qxe7+ Kxe7 22. Kf1 Na4 23. b4 Nxc3 24. bxa5 Nxa2 25. a6 bxa6 26. Bxa6
Nb4 27. Bc8 Nc2 28. Ne2 Ne4 29. Ba6 Nb4 30. Bc8 f5 31. g4 Nd6 32. gxf5 Nxc8 33.
fxg6 Kf6 34. Nf4 Kf5 0-1

[Event "Treptower SV-Hagener SV"]
[Site "Greifswald"]
[Date "2013.09.14"]
[Round "5.2"]
[White "Klodt, Daniel"]
[Black "Balasz, Kata"]
[Result "1-0"]
[WhiteElo "1752"]
[BlackElo "1668"]
[PlyCount "67"]
[EventDate "2013.??.??"]
[WhiteTeam "Treptower SV"]
[BlackTeam "Hagener SV"]

1. e4 d5 2. exd5 Qxd5 3. Nc3 Qa5 4. d4 Nf6 5. Nf3 Bg4 6. Be2 Nc6 7. O-O O-O-O
8. Be3 e5 9. d5 Nxd5 10. Nxd5 Rxd5 11. Nd2 Bxe2 12. Qxe2 Qb4 13. Nb3 Be7 14.
Qf3 Rhd8 15. Qxf7 Bf6 16. Qh5 h6 17. c3 Qe4 18. Rfc1 a6 19. Nc5 Qh7 20. c4 R5d6
21. Rab1 b6 22. Qg4+ Kb8 23. Nxa6+ Kb7 24. c5 h5 25. Qa4 Re6 26. cxb6 cxb6 27.
Qb3 Nd4 28. Bxd4 Red6 29. Nc5+ Ka7 30. Qa4+ Kb8 31. Na6+ Kb7 32. Rc7+ Ka8 33.
Nb8+ Kxb8 34. Qa7# 1-0

[Event "Treptower SV-Hagener SV"]
[Site "Greifswald"]
[Date "2013.09.14"]
[Round "5.3"]
[White "Hoppe, Michael"]
[Black "Hesse, Henrik"]
[Result "1-0"]
[WhiteElo "1596"]
[BlackElo "1512"]
[PlyCount "107"]
[EventDate "2013.??.??"]
[WhiteTeam "Hagener SV"]
[BlackTeam "Treptower SV"]

1. d4 Nf6 2. f3 g6 3. Bf4 Bg7 4. Nc3 d6 5. Qd2 O-O 6. O-O-O c6 7. g4 b5 8. h4
Nbd7 9. Bh6 b4 10. Nb1 a5 11. h5 Ne8 12. hxg6 fxg6 13. Bxg7 Nxg7 14. Qh6 Kf7
15. Nh3 Nf6 16. Ng5+ Kg8 17. Nxh7 Nxh7 18. Qxh7+ Kf7 19. Rh6 Rg8 20. Qxg6+ Kf8
21. Rh7 Bd7 22. e4 Be8 23. Qh6 a4 24. Bc4 d5 25. exd5 cxd5 26. Bd3 Qc7 27. c3
a3 28. b3 bxc3 29. Kc2 Rb8 30. g5 Rb6 31. g6 Qg3 32. Nxc3 Bxg6 33. Bxg6 Rxg6
34. Qh3 Qxh3 35. Rxh3 Rd6 36. b4 Nf5 37. Rd3 Kf7 38. Kb3 Ra8 39. Rh2 e6 40. Nb5
Rc6 41. Nxa3 Rb8 42. Rc2 Rcb6 43. Rc7+ Kg6 44. Nc2 Nd6 45. a4 Nc4 46. Ra7 Kg5
47. b5 Kf6 48. Na3 Nd6 49. Kb4 Nf5 50. Rb3 e5 51. dxe5+ Kxe5 52. Kc5 R6b7 53.
f4+ Ke4 54. Rb4+ 1-0

[Event "Treptower SV-Hagener SV"]
[Site "Greifswald"]
[Date "2013.09.14"]
[Round "5.4"]
[White "Klodt, Nicolas"]
[Black "Bick, Lennard"]
[Result "1-0"]
[WhiteElo "1590"]
[BlackElo "1537"]
[PlyCount "107"]
[EventDate "2013.??.??"]
[WhiteTeam "Treptower SV"]
[BlackTeam "Hagener SV"]

1. e4 e6 2. d4 d5 3. exd5 exd5 4. Bd3 Bd6 5. Nc3 Ne7 6. Nge2 O-O 7. O-O Nd7 8.
Re1 c6 9. Bf4 Nf6 10. h3 Re8 11. Qd2 Bf5 12. Rad1 Rb8 13. Ng3 Bxf4 14. Qxf4
Bxd3 15. Rxd3 Ng6 16. Qd2 Qb6 17. Na4 Qb5 18. b3 Rxe1+ 19. Qxe1 Re8 20. Re3
Rxe3 21. Qxe3 Qb4 22. Nf5 b6 23. Qc3 Qxc3 24. Nxc3 Kf8 25. Nd6 Ne7 26. a3 Ne8
27. Nxe8 Kxe8 28. Ne2 Nf5 29. c3 Nd6 30. Kf1 Ke7 31. a4 Ne4 32. Ke1 Kf6 33. f3
Nd6 34. Nf4 Kg5 35. Nd3 f6 36. Nb4 Nf5 37. Nxc6 a5 38. b4 axb4 39. cxb4 Ne3 40.
a5 bxa5 41. bxa5 Nc4 42. a6 Kf4 43. Kf2 Nb6 44. Ne7 Kg5 45. a7 h5 46. Nxd5 Na8
47. Ke3 Kf5 48. Nf4 g6 49. g4+ hxg4 50. hxg4+ Kg5 51. d5 f5 52. d6 Kf6 53. Nd5+
Ke6 54. Nc7+ 1-0

[Event "USV VB Halle-SV Merseburg"]
[Site "Greifswald"]
[Date "2013.09.14"]
[Round "5.1"]
[White "Knopf, Felix"]
[Black "Altstadt, Karl-Simon"]
[Result "1-0"]
[WhiteElo "1968"]
[BlackElo "1808"]
[PlyCount "59"]
[EventDate "2013.??.??"]
[WhiteTeam "SV Merseburg"]
[BlackTeam "USV VB Halle"]

1. d4 Nf6 2. c4 c5 3. d5 b5 4. cxb5 a6 5. bxa6 Bxa6 6. Nc3 d6 7. Nf3 g6 8. e4
Bxf1 9. Kxf1 Bg7 10. g3 Nbd7 11. Kg2 O-O 12. a4 Qa5 13. Bd2 Rfb8 14. Nb5 Qb6
15. Qe2 Rb7 16. Bc3 e6 17. Rhd1 exd5 18. exd5 Re8 19. Qc4 Re4 20. Qf1 Ne8 21.
Nd2 Re7 22. Re1 Ndf6 23. Nc4 Qa6 24. Na5 Nxd5 25. Nxb7 Qxb7 26. Kg1 Bxc3 27.
bxc3 Rxe1 28. Qxe1 Qc6 29. Rd1 Nec7 30. c4 1-0

[Event "USV VB Halle-SV Merseburg"]
[Site "Greifswald"]
[Date "2013.09.14"]
[Round "5.2"]
[White "Niggl, Michael"]
[Black "Hoffmann, Dustin"]
[Result "1/2-1/2"]
[WhiteElo "1419"]
[BlackElo "1754"]
[PlyCount "79"]
[EventDate "2013.??.??"]
[WhiteTeam "USV VB Halle"]
[BlackTeam "SV Merseburg"]

1. c4 Nf6 2. Nc3 g6 3. g3 Bg7 4. Bg2 O-O 5. Nf3 d6 6. O-O e5 7. d4 Nbd7 8. b3
Ne8 9. Bb2 f5 10. e4 exd4 11. Nxd4 Nc5 12. exf5 gxf5 13. Re1 a5 14. Nd5 Rf7 15.
Nf4 Nf6 16. Nde6 Nxe6 17. Nxe6 Bxe6 18. Rxe6 Qd7 19. Re2 Rd8 20. Bd5 Nxd5 21.
Bxg7 Nf4 22. gxf4 Rxg7+ 23. Kf1 Qc6 24. Qd5+ Qxd5 25. cxd5 Kf8 26. Rc1 Re8 27.
Re3 Ree7 28. a3 Ke8 29. Rxc7 Rxe3 30. Rxg7 Rxb3 31. Rxh7 Rxa3 32. Rxb7 Rd3 33.
Rb5 a4 34. Ke2 Rh3 35. Ra5 a3 36. Kf1 Kf7 37. Kg2 Rd3 38. f3 Rd2+ 39. Kg3 a2
40. h4 1/2-1/2

[Event "USV VB Halle-SV Merseburg"]
[Site "Greifswald"]
[Date "2013.09.14"]
[Round "5.3"]
[White "Le Hong, Quang Anh"]
[Black "Geyer, Hannes"]
[Result "1/2-1/2"]
[WhiteElo "1538"]
[BlackElo "1313"]
[PlyCount "64"]
[EventDate "2013.??.??"]
[WhiteTeam "SV Merseburg"]
[BlackTeam "USV VB Halle"]

1. d4 d5 2. c4 e6 3. Nc3 Nf6 4. Bg5 Nbd7 5. cxd5 exd5 6. e3 Bb4 7. Nf3 c5 8.
Bxf6 Nxf6 9. dxc5 Bxc3+ 10. bxc3 Qa5 11. Qd4 O-O 12. Bd3 Bg4 13. Ne5 Bh5 14.
O-O Rac8 15. Rab1 Qxc5 16. Rxb7 Qxc3 17. Rxa7 Ne4 18. Bxe4 dxe4 19. Qxc3 Rxc3
20. h3 f6 21. Nd7 Rd8 22. Rb1 Be8 23. Rb8 Rxb8 24. Nxb8 Kf8 25. Nd7+ Bxd7 26.
Rxd7 Ra3 27. Rd2 Ke7 28. Kh2 Ke6 29. g4 f5 30. Kg3 g5 31. gxf5+ Kxf5 32. Rd5+
Kf6 1/2-1/2

[Event "USV VB Halle-SV Merseburg"]
[Site "Greifswald"]
[Date "2013.09.14"]
[Round "5.4"]
[White "zur Nieden, Philipp"]
[Black "Handke, Moritz"]
[Result "1-0"]
[WhiteElo "1278"]
[BlackElo "1485"]
[PlyCount "51"]
[EventDate "2013.??.??"]
[WhiteTeam "USV VB Halle"]
[BlackTeam "SV Merseburg"]

1. e4 e5 2. Nf3 Nc6 3. Bb5 Bc5 4. d3 Nge7 5. O-O d6 6. Be3 Bxe3 7. fxe3 Bg4 8.
d4 exd4 9. exd4 O-O 10. c3 Ng6 11. Nbd2 Nce7 12. Qc2 c6 13. Bd3 Qd7 14. Rae1 h5
15. h3 Bxf3 16. Rxf3 Nh4 17. Rg3 d5 18. e5 Nef5 19. Rg5 Ne7 20. Bh7+ Kh8 21.
Rxh5 g6 22. Bxg6+ Kg7 23. Rh7+ Kg8 24. Bxf7+ Rxf7 25. Rxf7 Kxf7 26. e6+ 1-0